Sbornik anglijskogo jazyka dľa pervogo kursa institutov i fakuľtetov inostrannych jazykov.
Uložené v:
| Hlavný autor: | |
|---|---|
| Médium: | Kniha |
| Jazyk: | Slovak |
| Vydané: |
1952.
|
| Fyzický popis: |
367 s. |
| Tagy: |
Pridať tag
Žiadne tagy, Buďte prvý kto otaguje tento záznam!
|
Titul je dostupný aj v ... 

MARC
| LEADER | 00000nam a22000004a 4500 | ||
|---|---|---|---|
| 001 | 000573003 | ||
| 005 | 20180215111331.0 | ||
| 008 | 180215s1952 xo e 000 0 slo d | ||
| 040 | |a SVKKK |b slo |c SVKKK |e AACR2 | ||
| 100 | 1 | |a Almazova, L. A. | |
| 245 | 1 | 0 | |a Sbornik anglijskogo jazyka dľa pervogo kursa institutov i fakuľtetov inostrannych jazykov. |
| 260 | |c 1952. | ||
| 300 | |a 367 s. | ||
| 500 | |a Záznam revízie | ||
| 910 | |a svkkk | ||
| 998 | |a BK | ||
| 090 | |g SCKHL |k Sklad |a III.8525 |j 12855 |i 2720521564 |4 Zastaraná |s Vyradená | ||